000 00852nam a22003017a 4500
001 BR8007148
003 BR-BrBNA
005 20230928090827.0
007 ta
008 230509b bl.||||| |||| 00| 0 por d
040 _aBR-BrBNA
_bpor
_cBiblioteca Nacional de Agricultura
041 _a(Por)
072 _aE10
_b0311
_b/G514
090 _ 0311 BR8007148
110 1 _aSecretaria do Planejamento, Ciencia e Tecnologia, Salvador, BA (Brasil). Fundacao Centro de Pesquisas e Estudos
_99106
245 1 _aCoco da Bahia. Perfil de oportunidade industrial [Brasil]
260 3 _aSalvador, BA (Brasil):
_c1980.
300 _a31 p.
500 _a9 tables
650 _aCOCO
650 _aINVESTIMENTO
650 _aCUSTO
650 _aRECEITA
650 _aLUCRO
650 _aMERCADO
909 _a202309
_bLucia
_c55
_dLucia Elande
942 _cBK
999 _c30761
_d30761